000 02618nam a2200493 a 4500
999 _c197683
_d197683
003 BLK
005 20250429105149.0
008 180411b bul|||||r ||||||| ||bul||
010 _aKNG00206967000
020 _a978-954-345-116-6
040 _aBLK
041 _aBUL
_cBUL
072 7 _2bullib
_aН32
_xПолитика Н
080 _aШпионаж. Политическо влияние чрез тайни (разузнавателни) служби
_b327.84
_z327.84
080 _aРазузнавателна служба. Тайна служба. Шпионаж. Разузнавателна информация. Вж и 327.84 ; 344.1
_b355.40
_z355.40
080 _aПолитическо преследване. Терористични действия. Тероризъм - Атентати, политически убийства. Вж и 343.1 ; 343.3/.7
_b323.28
_z323.28
080 _aОргани на обществения ред. Полиция. Обществена власт. Доброволни отреди. Държавна сигурност. Милиция. Дейност на полицията по вътрешно разузнаване
_b351.74
_z351.74
100 1 _aГригоров, Пламен
_eпърви автор
_gТодоров, Пламен Григоров
_9366794
139 _aГригоров, Пламен и др.
_bГ 82
245 1 0 _aСпециалните служби
_bТайните господари на човечеството
_cПламен Григоров; съавт. Росица Тодорова.
257 _aBGR
260 _bРаспер
_c2017
300 _a300 с.
_bс ил.
_c22 см
380 _a3
500 _aСъдържа и Световно известни шпиони.
650 4 _aТайни служби
_9266564
650 4 _aРазузнаване - популярна литература
_9277806
650 4 _aШпионаж и диверсия - популярна литература
_9277805
650 4 _aНационална сигурност
_9268412
653 _aспецслужби
653 _aтайни служби
653 _aразузнаване
653 _aшпионаж
653 _aнационална сигурност
659 _aН
700 1 _aТодорова, Росица
_eсъавт.
_9366986
852 _aЦб 290447
_bЦб
856 4 _qpdf
856 4 _qpdf
942 _cKNG
_n0
_023
944 _aCR
_c26.05.2017
_lЦветелина Шанова
_k30531
944 _aED
_c09.01.2018
_lф /
_kЛюдмила_Стоянова
999 _d197683